Normal view
MARC view
- TE-35
Entry Geographic Name
001 - CONTROL NUMBER
- control field: 131274
003 - CONTROL NUMBER IDENTIFIER
- control field: NUST
005 - DATE AND TIME OF LATEST TRANSACTION
- control field: 20251020141912.0
008 - FIXED-LENGTH DATA ELEMENTS
- fixed length control field: 251020|| aca||aabn | a|a d
040 ## - CATALOGING SOURCE
- Original cataloging agency: NUST
- Transcribing agency: NUST
151 ## - HEADING--GEOGRAPHIC NAME
- Geographic name: TE-35
670 ## - SOURCE DATA FOUND
- Source citation: Work cat.: (NUST)188633: Farrukh Saleem,Capt Rana, TE-35 131273, Design, modeling and simulation of computer network using opnet modeler and implementing mac sublayer protocols /, 2002
